00563nam a2200205Ia 4500008004100000020001600041100001900057245002200076245001900098260001500117260002000132260000900152300002200161300001000183500007000193650005600263650001700319650001300336700000800349160803s9999 xx 000 0 und d a0 439799554 aWhelan, Gloria aChu Ju's house /  cGloria Whelan. aNew York : bScholastic Inc. c2004 a227, [3] pages ;  c20 cm aOriginally published: New York : HarperCollins Publishers, c2004. a China -- History -- 1976-2002 -- Juvenile fiction. aRunaways --  xFiction. a870